000 00767nam a22002417a 4500
005 20170124110227.0
010 _aB-045722
020 _c20.00
035 _aB-045722
037 _bCen Lib/Ret
040 _aDPL
_bEN
082 _a618.92
_bACH
100 _aAchar, S. T.
_940895
245 _aPediatrics in developing countries /
_cby S. T. Achar; edited by J. Viswanathan
260 _bOrient Longman
_aMadras
_c1973
270 _bMadras
_a36A Anna Salai
_e600002
300 _axvii,688p. :
_c24cm(Hb)
_bill.
500 _aIncludes bibliographical references and index
650 _aPediatrics -- Developing countries
_940896
650 _aPediatrics -- India
_940897
700 _aViswanathan, J.
_940898
942 _2ddc
_cEN
_h709.03
_mSCH
999 _c134500
_d134500